000 00349nam a2200133Ia 4500
005 20260326235443.0
008 260326s9999||||xx |||||||||||||| ||und||
100 _aPrado, Luis
245 0 _aPotosi, Catalogo de su Patrimonio 1870 - 1980 /
_cLuis Prado
260 _bEducacional
300 _a250 p.
650 _aARQUITECTURA REGIONAL
942 _cBK
999 _c7484
_d7484